Hulk Smash! Quiz Stats

 Plays Quiz Updated Sep 25, 2015

Challenge
Share
Tweet
Score 0/30 Timer 10:00
0 Plays Today
% Correct
Captain America
93.8%
Wolverine
93.4%
Thor
93%
Thing
92.4%
Green Lantern
91.6%
Spider-Man
89.8%
Superman
88.1%
Red Hulk
84.9%
Juggernaut
84.4%
Beast
84.3%
Punisher
84%
X-Men
82.3%
She-Hulk
82.3%
Doctor Doom
80.4%
Cyclops
79.8%
% Correct
Dr. Strange
77.9%
Rhino
74.1%
Colossus
68.4%
Vision
64.4%
Iron Man
63.5%
Blob
61%
Namor the Sub-Mariner
58.7%
Ultron
57.8%
Cable
53.7%
Ms. Marvel
52.8%
Hercules
52%
Abomination
51.3%
Wonder Man
43.4%
Black Knight
43%
Fin Fang Foom
35.6%

You're not logged in!

Compare scores with friends on all Sporcle quizzes.
OR
Log In

You Might Also Like...

Show Comments

Extras

Top Quizzes Today


Score Distribution

Your Account Isn't Verified!

In order to create a playlist on Sporcle, you need to verify the email address you used during registration. Go to your Sporcle Settings to finish the process.

Report this User

Report this user for behavior that violates our Community Guidelines.

Details: